| Tag |
First Indicator |
Second Indicator |
Subfields |
| LEADER |
00000cam a2200000 a 4500 |
| 001 |
in00000077049 |
| 005 |
20151008060515.0 |
| 008 |
800717s1980 ne ab b 00100 eng d |
| 020 |
|
|
|a 9027979200
|
| 035 |
|
|
|a (OCoLC)06522113
|
| 035 |
|
|
|9 AAJ5908AM
|
| 040 |
|
|
|a KLG
|c KLG
|d m.c.
|d TXA
|d UtOrBLW
|
| 043 |
|
|
|a fw-----
|
| 049 |
|
|
|a TXAM
|c [1655439]
|
| 090 |
|
|
|a GN652.5
|b .W47
|
| 245 |
0 |
0 |
|a West African culture dynamics :
|b archaeological and historical perspectives /
|c editors, B.K. Swartz, Jr., Raymond E. Dumett.
|
| 264 |
|
1 |
|a The Hague ;
|a New York :
|b Mouton,
|c [1980]
|
| 264 |
|
4 |
|c ©1980
|
| 300 |
|
|
|a xiv, 636 pages :
|b illustrations, maps ;
|c 24 cm.
|
| 336 |
|
|
|a text
|b txt
|2 rdacontent
|
| 337 |
|
|
|a unmediated
|b n
|2 rdamedia
|
| 338 |
|
|
|a volume
|b nc
|2 rdacarrier
|
| 490 |
1 |
|
|a World anthropology
|
| 500 |
|
|
|a "Based in part on papers presented in the session West African Culture Dynamics at the IXth International Congress of Anthropological and Ethnological Sciences... Approximately half of the papers ... were solicited by the editors after the Congress"--Pref.
|
| 504 |
|
|
|a Includes bibliographies and indexes.
|
| 650 |
|
0 |
|a Ethnology
|z Africa, West.
|
| 651 |
|
0 |
|a Africa, West
|x Antiquities.
|
| 651 |
|
0 |
|a Africa, West
|x History.
|
| 700 |
1 |
|
|a Swartz, B. K.
|
| 700 |
1 |
|
|a Dumett, Raymond E.
|
| 711 |
2 |
|
|a International Congress of Anthropological and Ethnological Sciences
|n (9th :
|d 1973 :
|c Chicago)
|
| 830 |
|
0 |
|a World anthropology.
|
| 999 |
|
|
|a MARS
|
| 999 |
f |
f |
|s fba1fce3-2df9-3f41-815a-fe62341cc38d
|i 20c7a17b-e47a-336d-8281-431e9ec66437
|t 0
|
| 952 |
f |
f |
|p ric
|a Texas A&M University
|b Rellis Campus
|c Joint Library Facility
|d Remote Storage
|t 0
|e GN652.5 .W47
|h Library of Congress classification
|i unmediated -- volume
|m A14806114537
|
| 998 |
f |
f |
|a GN652.5 .W47
|t 0
|l Remote Storage
|